Evolución de los precios para un grupo seleccionado de productos
Guardado en:
| Autor principal: | |
|---|---|
| Autor Corporativo: | |
| Formato: | Texto |
| Publicado: |
San José:
Ministerio de Trabajo y Seguridad Social
|
| Etiquetas: |
Agregar Etiqueta
Sin Etiquetas, Sea el primero en etiquetar este registro!
|
MARC
| LEADER | 00000 a a2200000 04500 | ||
|---|---|---|---|
| 001 | 20962 | ||
| 003 | |||
| 040 | |a CRAI/IIS |c CRAI/IIS | ||
| 090 | |a 090000 | ||
| 100 | |a García Piedra, Luis Orlando | ||
| 110 | |a Costa Rica. Ministerio de Trabajo y Seguridad Social. Dirección General de Planificación del Trabajo y el Empleo. Subdirección de Políticas y Planes | ||
| 245 | |a Evolución de los precios para un grupo seleccionado de productos | ||
| 260 | |a San José: |b Ministerio de Trabajo y Seguridad Social | ||
| 300 | |a 13 p. | ||
| 999 | |c 12150 |d 12150 | ||
